[Event "IECC CL3-2001.42"]
[Site "IECC email"]
[Date "2001.12.20"]
[Round "?"]
[White "Rutkowski, Zbigniew"]
[Black "Dambacher, Andreas"]
[Result "0-1"]
[WhiteElo "1763"]
[BlackElo "1828"]
[PlyCount "38"]
[EventDate "2001.??.??"]
[EventType "tourn (corr)"]
[EventRounds "4"]
[SourceTitle "Corr 2008"]
[Source "ChessBase"]
[SourceDate "2008.06.24"]
[SourceVersion "1"]
[SourceVersionDate "2008.06.24"]
[SourceQuality "1"]

1. e4 e5 2. f4 exf4 3. Nf3 g5 4. Bc4 g4 5. 0-0 gxf3 6. Qxf3 Qf6 7. e5 Qxe5 8. Bxf7+ Kxf7 9. d4 Qf5 10. g4 Qg6 11. Bxf4 Nf6 12. Bxc7 Rg8 13. h3 Nc6 14. Be5 Be7 15. Nc3 Kg7 16. Rae1 d6 17. Bg3 h5 18. d5 hxg4 19. Qe3 Ne5 0-1

[Event "IECC TH-T email"]
[Site "IECC email"]
[Date "2001.11.17"]
[Round "?"]
[White "Carpenter, Alan"]
[Black "Rutkowski, Zbigniew"]
[Result "1-0"]
[WhiteElo "1776"]
[BlackElo "1795"]
[PlyCount "56"]
[EventDate "2001.??.??"]
[EventType "match (corr)"]
[EventRounds "2"]
[SourceTitle "Corr 2008"]
[Source "ChessBase"]
[SourceDate "2008.06.24"]
[SourceVersion "1"]
[SourceVersionDate "2008.06.24"]
[SourceQuality "1"]

1. e4 e5 2. f4 exf4 3. Bc4 Qh4+ 4. Kf1 d6 5. d4 Be6 6. Qd3 Bxc4 7. Qxc4 c6 8. Nc3 Nf6 9. Nf3 Qh6 10. Nd5 Nxd5 11. exd5 a6 12. dxc6 Nxc6 13. d5 Ne5 14. Qxf4 Qxf4 15. Bxf4 Rc8 16. Rc1 Rc5 17. Bxe5 dxe5 18. c4 f6 19. Nd2 Kd7 20. b4 Rc8 21. c5 g6 22. Nc4 Re8 23. Ke2 f5 24. Rcd1 e4 25. a4 f4 26. Rdf1 g5 27. h4 g4 28. Rxf4 h5 1-0

[Event "IECC Swiss email"]
[Site "IECC email"]
[Date "2001.10.28"]
[Round "?"]
[White "Turko, Sergey Ivanovich"]
[Black "Rutkowski, Zbigniew"]
[Result "1/2-1/2"]
[WhiteElo "1825"]
[BlackElo "1759"]
[PlyCount "80"]
[EventDate "2001.??.??"]
[EventType "tourn (corr)"]
[EventRounds "6"]
[SourceTitle "Corr 2008"]
[Source "ChessBase"]
[SourceDate "2008.06.24"]
[SourceVersion "1"]
[SourceVersionDate "2008.06.24"]
[SourceQuality "1"]

1. e4 e5 2. Nf3 Nc6 3. Bc4 Bc5 4. c3 Nf6 5. d4 exd4 6. cxd4 Bb4+ 7. Bd2 Bxd2+ 8. Nbxd2 d5 9. exd5 Nxd5 10. 0-0 0-0 11. Ne5 Na5 12. Re1 Nxc4 13. Ndxc4 Be6 14. Rc1 Re8 15. a3 c6 16. Nf3 f6 17. g3 Qc7 18. Qc2 Rad8 19. Re4 Bf7 20. Rce1 Rxe4 21. Qxe4 Nb6 22. Nxb6 Qxb6 23. b4 a5 24. Qe7 axb4 25. axb4 Ra8 26. Qd7 Qb5 27. h3 h6 28. Re7 Ra1+ 29. Ne1 Qxb4 30. Kh2 Ra2 31. Nd3 Qb5 32. Qd8+ Kh7 33. Rxf7 Qxd3 34. Qxf6 Qg6 35. Qxg6+ Kxg6 36. Rxb7 Rxf2+ 37. Kg1 Rc2 38. Rc7 Kf6 39. Kf1 g5 40. d5 c5 1/2-1/2

[Event "IECC CL3-2001.30"]
[Site "IECC email"]
[Date "2001.09.16"]
[Round "?"]
[White "Draba, Henryk"]
[Black "Rutkowski, Zbigniew"]
[Result "1-0"]
[WhiteElo "2004"]
[BlackElo "1800"]
[PlyCount "89"]
[EventDate "2001.??.??"]
[EventType "tourn (corr)"]
[EventRounds "4"]
[SourceTitle "Corr 2008"]
[Source "ChessBase"]
[SourceDate "2008.06.24"]
[SourceVersion "1"]
[SourceVersionDate "2008.06.24"]
[SourceQuality "1"]

1. e4 e5 2. f4 exf4 3. Nf3 Bb4 4. Bc4 f5 5. exf5 d5 6. Bb3 Bxf5 7. 0-0 Bg4 8. d4 Ne7 9. Bxf4 0-0 10. Bg5 c6 11. Qd3 Bf5 12. Qe3 h6 13. Bh4 a5 14. a3 Bd6 15. c4 dxc4 16. Bxc4+ Kh8 17. Re1 b5 18. Bxe7 Bxe7 19. Qxe7 Qxe7 20. Rxe7 bxc4 21. Nbd2 Nd7 22. Nxc4 Nf6 23. Nfe5 Nd5 24. Rb7 Bc8 25. Ng6+ Kg8 26. Nxf8 Bxb7 27. Ne6 Ba6 28. Ne5 Rb8 29. Nc5 Be2 30. b3 Rc8 31. Nb7 Ba6 32. Nxa5 c5 33. dxc5 Rxc5 34. Nac4 Nb6 35. Rc1 Rc8 36. Kf2 Nd5 37. g3 Nf6 38. Ke3 g5 39. Kd4 h5 40. a4 h4 41. gxh4 gxh4 42. Rg1+ Kh7 43. Nd6 Rc2 44. Nf5 Rc7 45. Rg6 1-0